000
00336nam a22001457a 4500
008
210311b ||||| |||| 00| 0 eng d
020
_a
0881750042
041
_a
eng
080
_2
2nd
_a
004
082
_2
2nd
_a
004
100
_a
35
101
_a
SHKI
245
_a
Foundomentals of Programming Languages
_c
Horowitz,E
942
_2
udc
_c
BK
999
_c
56418
_d
56418